Zahlen 1-50 in 15 Sekunden - Statistiken

Allgemein
  • Dieses Quiz wurde 122.305 mal gespielt
  • Das Durchschnittsergebnis liegt bei 20 aus 50
Antwortstatistiken
Nummer % Korrekt
1
100%
2
98%
3
97%
4
96%
5
95%
6
95%
7
94%
8
93%
9
92%
10
86%
11
83%
12
79%
13
77%
14
75%
15
72%
16
70%
17
68%
18
65%
19
63%
20
53%
21
47%
22
41%
23
36%
24
32%
25
29%
26
27%
27
24%
28
21%
29
19%
30
13%
31
11%
32
9%
33
6%
34
4%
35
4%
36
3%
37
3%
38
2%
39
2%
40
1%
41
1%
42
1%
43
1%
44
1%
45
0%
46
0%
47
0%
48
0%
49
0%
50
0%
Keine übereinstimmenden Quizze gefunden
Verteilung der Resultate
Anzahl Personen mit jedem Resultat
Perzentil nach korrekt beantworteten Fragen
Ihre Resultats-Entwicklung
Sie haben dieses Quiz noch nicht gespielt